• 首页
  • 本馆介绍
  • 公告通知
  • 最新文献
  • 馆藏检索
  • 电子资源
  • 读者导购
  • 参考咨询
  • 我的图书馆
  • 登录
  • 详细信息显示
  • 放入我的书架
  • 预约/预借图书
  • 作者相关作品
  • 分类相关作品
  • 丛书相关作品
  • 出版社相关作品

书目信息

  • 表格格式
  • 工作单格式
  • 卡片格式
题名:
日本殖民统治台湾五十年史
    
 
作者: 陈小冲 著
分册:  
出版信息: 北京   社会科学文献出版社  2005
页数: 423页
开本: 22cm
丛书名: 中国社会科学院中日历史研究中心文库
单 册:
中图分类: K295.8
科图分类:
主题词: 侵华事件--殖民统治--日本--1895~1945--史料 , 殖民统治 , 地方史 , 侵华事件
电子资源:
ISBN: 7-80190-698-5
000 01084oam2 2200313 450
001 003005554
005 20061123161808.84
010    @a7-80190-698-5@dCNY33.00
100    @a20050720d2005 em y0chiy0110 ea
101 0  @achi
102    @aCN@b110000
105    @ay z 000yy
200 1  @a日本殖民统治台湾五十年史@9ri ben zhi min tong zhi tai wan wu shi nian shi@f陈小冲著
210    @a北京@c社会科学文献出版社@d2005
215    @a423页@d22cm
225 2  @a中国社会科学院中日历史研究中心文库
300    @a中国社会科学院中日历史研究中心重点课题项目资助
330    @a全书共八章。内容有:日本在台殖民统治的确立;殖民地工业与农业;殖民地对外贸易与财政;民族运动;殖民统治下的原生住民等。
461  0 @12001 @a中国社会科学院中日历史研究中心文库
606 0  @a侵华事件@x殖民统治@y日本@z1895~1945@j史料
606 0  @a殖民统治
606 0  @a地方史
606 0  @a侵华事件
607    @a台湾省
607    @a台湾省@x地方史@z1895~1945@j史料
690    @aK295.8@v4
701  0 @a陈小冲@9chen xiao chong@f(1962.8~)@4著
801  0 @aCN@bNLC@c20061123
905    @a10447@dK295.8@e140
    
    日本殖民统治台湾五十年史/陈小冲著.-北京:社会科学文献出版社,2005
    423页;22cm.-(中国社会科学院中日历史研究中心文库)
    中国社会科学院中日历史研究中心重点课题项目资助
    
    ISBN 7-80190-698-5:CNY33.00
    全书共八章。内容有:日本在台殖民统治的确立;殖民地工业与农业;殖民地对外贸易与财政;民族运动;殖民统治下的原生住民等。
●
相关链接 在E读中查询图书 在五车中查询图书 在当当中查询图书 在豆瓣中查询图书


正题名:日本殖民统治台湾五十年史     索取号:K295.8/140         预约/预借

序号 登录号 条形码 馆藏地/架位号 状态 备注
1 0390905   203909057   第二样本阅览室/ [索取号:K295.8/140] 在馆    
2 0390906   203909066   第二借阅区/ [索取号:K295.8/140] 在馆    
3 0390907   203909075   第二借阅区/ [索取号:K295.8/140] 在馆    
4 0390908   203909084   第二借阅区/ [索取号:K295.8/140] 在馆    
5 0390909   203909093   第二借阅区/ [索取号:K295.8/140] 在馆    
唐山师范学院图书馆 欢迎您!
大连网信软件有限公司© 版权所有